| 000 | 00426nam a2200157 i 4500 | ||
|---|---|---|---|
| 001 | 33987 | ||
| 003 | ES-MaACL | ||
| 005 | 20230906154845.0 | ||
| 007 | t| | ||
| 008 | 030203s1971 sp ||||1| spa d | ||
| 100 | 1 |
_aBlanco, José Ramón. _929187 |
|
| 245 | 1 | 0 |
_aArbol joven y eterno / _cJosé Ramón Blanco. |
| 260 |
_aZaragoza : _bEl Noticiero, _c1971. |
||
| 300 |
_a37 h. ; _c22 cm. |
||
| 852 |
_aES-MaACL _jC-45252 _bR.78921 |
||
| 999 |
_c33987 _d33987 |
||